[Event "ESP-chT Primera Division 2019"]
[Site "Linares"]
[Date "2019.08.30"]
[Round "5.22"]
[White "Sousa, Andre Ventura"]
[Black "Cramling, Pia"]
[Result "1/2-1/2"]
[WhiteElo "2362"]
[BlackElo "2493"]
[Annotator "ChessBase"]
[PlyCount "43"]
[EventDate "2019.08.26"]
[EventType "team-tourn"]
[EventCountry "ESP"]
[SourceTitle "playchess.com"]
[Source "ChessBase"]
[SourceQuality "1"]
[TimeControl "5400+30"]

1. Nf3 {[%emt 0:00:00]} c5 {[%emt 0:00:00]} 2. g3 {[%emt 0:00:29]} g6 {[%emt 0:01:18]} 3. Bg2 {[%emt 0:00:24]} Bg7 {[%emt 0:00:14]} 4. c4 {[%emt 0:03:00]} Nc6 {[%emt 0:00:24]} 5. Nc3 {[%emt 0:00:15]} d6 {[%emt 0:01:03]} 6. d3 {[%emt 0:02:00]} e6 {[%emt 0:08:58]} 7. Bd2 {[%emt 0:00:55]} Nge7 {[%emt 0:00:23]} 8. h4 {[%emt 0:00:23]} h6 {[%emt 0:02:01]} 9. Qc1 {[%emt 0:02:54]} b6 {[%emt 0:04:15]} 10. h5 {[%emt 0:07:33]} g5 {[%emt 0:02:57]} 11. Nxg5 {[%emt 0:00:06]} hxg5 {[%emt 0:00:34]} 12. Bxg5 {[%emt 0:00:06]} f6 {[%emt 0:13:32]} 13. h6 {[%emt 0:18:42]} fxg5 {[%emt 0:01:45]} 14. hxg7 {[%emt 0:00:10]} Rxh1+ {[%emt 0:00:46]} 15. Bxh1 {[%emt 0:00:01]} Bb7 {[%emt 0:00:59]} 16. Qxg5 {[%emt 0:04:44]} Kd7 {[%emt 0:05:56]} 17. O-O-O {[%emt 0:08:02]} Ng8 {[%emt 0:15:36]} 18. f4 {[%emt 0:03:07]} Kc7 {[%emt 0:13:03]} 19. Nb5+ {[%emt 0:14:56]} Kd7 {[%emt 0:00:10]} 20. Nc3 {[%emt 0:00:02]} Kc7 {[%emt 0:06:03]} 21. Nb5+ {[%emt 0:00:03]} Kd7 {[%emt 0:00:07]} 22. Nc3 {[%emt 0:00:02]} 1/2-1/2

[Event "ESP-chT Primera Division 2019"]
[Site "Linares"]
[Date "2019.08.30"]
[Round "5.23"]
[White "Castellanos Rodriguez, Renier"]
[Black "Gomez Dieguez, David"]
[Result "1/2-1/2"]
[WhiteElo "2493"]
[BlackElo "2296"]
[Annotator "ChessBase"]
[PlyCount "63"]
[EventDate "2019.08.26"]
[EventType "team-tourn"]
[EventCountry "ESP"]
[SourceTitle "playchess.com"]
[Source "ChessBase"]
[SourceQuality "1"]
[TimeControl "5400+30"]

1. c4 {[%emt 0:00:00]} Nf6 {[%emt 0:00:00]} 2. Nc3 {[%emt 0:00:00]} c5 {[%emt 0:00:00]} 3. Nf3 {[%emt 0:00:43]} Nc6 {[%emt 0:00:00]} 4. d4 {[%emt 0:02:00]} cxd4 {[%emt 0:00:00]} 5. Nxd4 {[%emt 0:00:03]} e6 {[%emt 0:00:12]} 6. a3 {[%emt 0:06:44]} a6 {[%emt 0:01:40]} 7. e4 {[%emt 0:01:56]} d6 {[%emt 0:01:48]} 8. Be3 {[%emt 0:03:37]} Bd7 {[%emt 0:07:15]} 9. Be2 {[%emt 0:01:05]} Be7 {[%emt 0:00:54]} 10. O-O {[%emt 0:01:43]} O-O {[%emt 0:05:43]} 11. Rc1 {[%emt 0:02:00]} Nxd4 {[%emt 0:05:52]} 12. Qxd4 {[%emt 0:02:23]} Qc7 {[%emt 0:00:35]} 13. Rfd1 {[%emt 0:01:36]} Rac8 {[%emt 0:05:22]} 14. b4 {[%emt 0:04:40]} Rfd8 {[%emt 0:02:33]} 15. f3 {[%emt 0:08:17]} Be8 {[%emt 0:01:20]} 16. Qb6 {[%emt 0:04:55]} Qb8 {[%emt 0:05:47]} 17. Qa7 {[%emt 0:05:03]} Qxa7 {[%emt 0:09:00]} 18. Bxa7 {[%emt 0:01:23]} Nd7 {[%emt 0:00:27]} 19. Be3 {[%emt 0:01:36]} Ne5 {[%emt 0:04:33]} 20. Bb6 {[%emt 0:04:02]} Rd7 {[%emt 0:00:09]} 21. Na4 {[%emt 0:00:38]} Bg5 {[%emt 0:01:01]} 22. Rc3 {[%emt 0:00:32]} Re7 {[%emt 0:08:10]} 23. Nb2 {[%emt 0:02:02]} d5 {[%emt 0:02:54]} 24. exd5 {[%emt 0:12:58]} exd5 {[%emt 0:00:11]} 25. Bc5 {[%emt 0:03:33]} d4 {[%emt 0:11:48]} 26. Bxe7 {[%emt 0:05:16]} dxc3 {[%emt 0:00:11]} 27. Bxg5 {[%emt 0:00:29]} cxb2 {[%emt 0:00:07]} 28. Rb1 {[%emt 0:00:32]} Nxc4 {[%emt 0:01:34]} 29. Bxc4 {[%emt 0:00:09]} Rxc4 {[%emt 0:00:03]} 30. Rxb2 {[%emt 0:00:08]} Rc3 {[%emt 0:02:02]} 31. Re2 {[%emt 0:02:51]} Bc6 {[%emt 0:01:25]} 32. Re3 {[%emt 0:00:09]} 1/2-1/2

[Event "ESP-chT Primera Division 2019"]
[Site "Linares"]
[Date "2019.08.30"]
[Round "5.24"]
[White "Hernandez Estevez, Yudania"]
[Black "Oliva Castaneda, Kevel"]
[Result "0-1"]
[WhiteElo "2247"]
[BlackElo "2479"]
[Annotator "ChessBase"]
[PlyCount "86"]
[EventDate "2019.08.26"]
[EventType "team-tourn"]
[EventCountry "ESP"]
[SourceTitle "playchess.com"]
[Source "ChessBase"]
[SourceQuality "1"]
[TimeControl "5400+30"]

1. e4 {[%emt 0:00:00]} c5 {[%emt 0:00:00]} 2. Nf3 {[%emt 0:00:00]} d6 {[%emt 0:00:00]} 3. d4 {[%emt 0:00:00]} cxd4 {[%emt 0:00:00]} 4. Nxd4 {[%emt 0:00:00]} Nf6 {[%emt 0:00:00]} 5. Nc3 {[%emt 0:00:10]} a6 {[%emt 0:00:00]} 6. Be2 {[%emt 0:00:56]} e6 {[%emt 0:00:41]} 7. Be3 {[%emt 0:00:56]} Be7 {[%emt 0:00:10]} 8. Qd2 {[%emt 0:01:34]} Qc7 {[%emt 0:00:55]} 9. O-O-O {[%emt 0:02:30]} Nc6 {[%emt 0:05:03]} 10. g4 {[%emt 0:08:05]} b5 {[%emt 0:02:07]} 11. g5 {[%emt 0:02:09]} Nd7 {[%emt 0:00:06]} 12. Bxb5 {[%emt 0:02:05]} axb5 {[%emt 0:00:11]} 13. Ndxb5 {[%emt 0:00:04]} Qa5 {[%emt 0:10:30]} 14. Nxd6+ {[%emt 0:01:14]} Bxd6 {[%emt 0:00:04]} 15. Qxd6 {[%emt 0:00:23]} Nce5 {[%emt 0:00:18]} 16. Qd4 {[%emt 0:32:53]} O-O {[%emt 0:01:16]} 17. h4 {[%emt 0:01:07]} Ba6 {[%emt 0:08:10]} 18. h5 {[%emt 0:03:06]} Rfc8 {[%emt 0:04:24]} 19. h6 {[%emt 0:02:32]} Rc4 {[%emt 0:00:59]} 20. Qd6 {[%emt 0:03:59]} Rxc3 {[%emt 0:02:06]} 21. bxc3 {[%emt 0:01:14]} Qxa2 {[%emt 0:01:01]} 22. Qb4 {[%emt 0:04:20]} Nd3+ {[%emt 0:00:28]} 23. Rxd3 {[%emt 0:07:37]} Bxd3 {[%emt 0:00:18]} 24. Qb2 {[%emt 0:02:17]} Bxe4 {[%emt 0:01:04]} 25. Rd1 {[%emt 0:00:31]} Qa1+ {[%emt 0:00:35]} 26. Qxa1 {[%emt 0:00:17]} Rxa1+ {[%emt 0:00:05]} 27. Kd2 {[%emt 0:00:12]} Rxd1+ {[%emt 0:00:03]} 28. Kxd1 {[%emt 0:00:06]} gxh6 {[%emt 0:00:06]} 29. gxh6 {[%emt 0:00:19]} Kf8 {[%emt 0:00:06]} 30. c4 {[%emt 0:02:27]} Ke7 {[%emt 0:00:05]} 31. c5 {[%emt 0:00:23]} Ne5 {[%emt 0:00:05]} 32. Ke2 {[%emt 0:09:15]} Bxc2 {[%emt 0:00:27]} 33. Bf4 {[%emt 0:01:35]} Nc6 {[%emt 0:00:16]} 34. Bd6+ {[%emt 0:00:37]} Kd7 {[%emt 0:00:04]} 35. Ke3 {[%emt 0:00:16]} Nd8 {[%emt 0:00:17]} 36. f4 {[%emt 0:03:01]} f6 {[%emt 0:00:45]} 37. Kd4 {[%emt 0:00:46]} Bb3 {[%emt 0:01:13]} 38. Bf8 {[%emt 0:02:06]} Bd5 {[%emt 0:00:15]} 39. Bd6 {[%emt 0:01:18]} Nc6+ {[%emt 0:00:10]} 40. Ke3 {[%emt 0:00:50]} Ke8 {[%emt 0:00:07]} 41. Kf2 {[%emt 0:02:06]} Kf7 {[%emt 0:00:06]} 42. Kg3 {[%emt 0:00:15]} Kg6 {[%emt 0:00:06]} 43. Bf8 {[%emt 0:00:19]} Nd4 {[%emt 0:00:03]} 0-1

[Event "ESP-chT Primera Division 2019"]
[Site "Linares"]
[Date "2019.08.31"]
[Round "6.1"]
[White "Espinosa Aranda, Angel"]
[Black "Andersen, Mads"]
[Result "1/2-1/2"]
[WhiteElo "2497"]
[BlackElo "2603"]
[Annotator "TA"]
[PlyCount "28"]
[EventDate "2019.08.26"]
[EventType "team-tourn"]
[EventCountry "ESP"]
[SourceTitle "playchess.com"]
[Source "ChessBase"]
[SourceQuality "1"]

{[%evp 15,28,8,16,14,29,0,0,0,0,0,0,0,0,0,0]} 1. d4 Nf6 2. c4 g6 3. Nc3 d5 4. cxd5 Nxd5 5. e4 Nxc3 6. bxc3 Bg7 7. Nf3 c5 8. Be3 Qa5 9. Nd2 {D85: Exchange Grünfeld: Unusual White 7th moves and lines with 7 Nf3} (9. Qd2 O-O 10. Rc1 Nd7 11. Bd3 e5 12. d5 f5 13. Bh6 fxe4 14. Bxe4 Qa4 15. Bc2 Qg4 16. Qg5 Nf6 17. Bxg7 Kxg7 18. Rd1 Qc4 {½-½ (71) Onischuk,A (2647)-Wei,Y (2733) Astana 2019}) 9... O-O 10. Nb3 Qxc3+ {The position is equal.} 11. Bd2 Qb2 12. Bc1 Qc3+ 13. Bd2 Qb2 14. Bc1 {[#]} Qc3+ $146 1/2-1/2

[Event "ESP-chT Primera Division 2019"]
[Site "Linares"]
[Date "2019.08.31"]
[Round "6.2"]
[White "Salgado Lopez, Ivan"]
[Black "Plazuelo Pascual, Juan"]
[Result "1-0"]
[WhiteElo "2596"]
[BlackElo "2411"]
[Annotator "TA"]
[PlyCount "121"]
[EventDate "2019.08.26"]
[EventType "team-tourn"]
[EventCountry "ESP"]
[SourceTitle "playchess.com"]
[Source "ChessBase"]
[SourceQuality "1"]

{[%evp 12,121,21,18,27,27,28,44,31,28,28,15,13,14,18,24,22,24,35,38,47,29,45,48,57,52,51,41,87,92,83,91,103,78,91,66,67,62,87,48,70,82,294,296,295,205,262,177,184,183,167,186,169,171,170,151,143,143,143,143,151,125,151,151,223,223,221,219,199,215,198,187,208,176,239,232,252,252,252,252,252,89,89,0,252,252,252,252,252,252,450,462,709,597,898,864,800,790,721,663,11765,7463,12520,12804,11635,8620,8505,7766,6188,2147,1883,1597]} 1. Nf3 Nf6 2. g3 b6 3. Bg2 Bb7 4. O-O g6 5. c4 Bg7 6. d4 O-O 7. d5 Na6 {A50: Queen's Fianchetto Defence (1 d4 Nf6 2 c4 b6)} (7... e6 8. Nc3 Re8 9. Nd4 exd5 10. cxd5 Na6 11. Rb1 Nc5 12. Bf4 Nce4 13. Nxe4 Nxe4 14. Nb5 d6 15. Qc2 Bxd5 16. Qxc7 {1-0 (54) So,W (2765)-Mamedyarov,S (2817) Kolkata 2018}) 8. Nc3 Nc5 9. Nd4 e5 {White is slightly better.} 10. Nc2 a5 11. Rb1 Ne8 $146 ({Predecessor:} 11... d6 12. Bg5 h6 13. Bd2 Bc8 14. e4 Bd7 15. Kh1 {1-0 (56) Buhmann,R (2571)-Lalic,B (2495) Pardubice 2012}) 12. e4 f5 13. exf5 gxf5 14. b3 Nd6 15. Be3 Na6 {[%cal Bc5a6,Ba6b4,Bb4d3][%mdl 32]} 16. Kh1 Qf6 17. f4 e4 18. Bd4 Qe7 19. Ne3 Nb4 20. g4 Nd3 21. Bxg7 Qxg7 22. Qd2 {Black must now prevent Nxf5.} fxg4 23. Nxe4 Nxf4 24. Nxd6 cxd6 25. Be4 {Threatens to win with Nf5.} Qe5 $1 {[%cal Re5e4]} 26. Bc2 $1 {[%mdl 1024] White has compensation.} g3 $2 (26... Rae8 $16 27. Nxg4 Qe2) 27. Rg1 $1 $18 ({Less strong is} 27. hxg3 Qh5+ 28. Qh2 Ne2 $16) 27... Nh5 28. Qd3 {[%csl Gc2][%cal Rd3h7]} Rf7 29. Rbf1 Raf8 30. Rf5 Rxf5 31. Nxf5 {Nh6+ would kill now.} Rf6 32. Nxg3 Rg6 33. Nxh5 Rxg1+ 34. Kxg1 Qxh5 35. a4 Bc8 36. h3 Qh4 37. Kg2 Kg7 (37... Qh6 $16 38. Qe4 Qg5+ 39. Qg4 Qxg4+ 40. hxg4 h6) 38. Qe3 h6 39. Qxb6 Qg5+ 40. Kh1 Qd2 41. Qg1+ Kf8 42. Qg2 Qc1+ (42... Qe1+ {was called for.} 43. Kh2 Ke7) 43. Kh2 Ke7 44. Qf2 Qg5 45. Bf5 Kd8 46. Qb6+ $2 (46. h4 $18 {and White stays clearly on top.} Qf6 47. Kh3) 46... Ke7 $16 {[#]} 47. Qf2 $2 (47. Bg4 $1 $16) 47... Kd8 $18 {[#]} 48. h4 $1 Qf6 49. Kg3 Qc3+ 50. Qf3 Qe1+ $2 (50... Qg7+ {was necessary.} 51. Kh3 Bb7) 51. Kg4 {White is clearly winning.} Qc1 (51... Qe8 $142 52. Qe4 Qe5 53. Qxe5 dxe5) 52. Kh5 Qd2 53. Kg6 Kc7 54. Qg3 Qc1 55. Kh7 Qd2 56. c5 Qxd5 57. Qxd6+ Qxd6 58. cxd6+ Kxd6 59. Kxh6 Ke5 60. Kg5 Bb7 61. h5 {Accuracy: White = 74%, Black = 51%.} 1-0

[Event "ESP-chT Primera Division 2019"]
[Site "Linares"]
[Date "2019.08.31"]
[Round "6.3"]
[White "Rubio Mejia, Luis Ignacio"]
[Black "Martins, David Pires Tavares"]
[Result "1/2-1/2"]
[WhiteElo "2435"]
[BlackElo "2427"]
[Annotator "NA"]
[PlyCount "74"]
[EventDate "2019.08.26"]
[EventType "team-tourn"]
[EventCountry "ESP"]
[SourceTitle "playchess.com"]
[Source "ChessBase"]
[SourceQuality "1"]
[TimeControl "5400+30"]

1. d4 {[%emt 0:00:00]} d6 {[%emt 0:00:00]} 2. c4 {[%emt 0:00:00]} f5 {[%emt 0:00:00]} 3. Nc3 {[%emt 0:01:12]} Nf6 {[%emt 0:00:00]} 4. Bg5 {[%emt 0:01:00]} Nbd7 {[%emt 0:00:08]} 5. Qc2 {[%emt 0:00:43]} g6 {[%emt 0:00:15]} 6. h4 {[%emt 0:03:07]} c5 {[%emt 0:10:31]} 7. dxc5 {[%emt 0:30:16]} dxc5 {[%emt 0:01:42]} 8. O-O-O {[%emt 0:03:41]} Bg7 {[%emt 0:00:28]} 9. Nh3 {[%emt 0:16:18]} h6 {[%emt 0:10:34]} 10. Bxf6 {[%emt 0:02:46]} Bxf6 {[%emt 0:00:05]} 11. Nf4 {[%emt 0:12:51]} Kf7 {[%emt 0:00:21]} 12. h5 {[%emt 0:04:05]} g5 {[%emt 0:00:26]} 13. Ng6 {[%emt 0:00:14]} Re8 {[%emt 0:00:22]} 14. Qxf5 {[%emt 0:07:17]} Kg7 {[%emt 0:01:12]} 15. Ne4 {[%emt 0:06:48]} Nb6 {[%emt 0:14:01]} 16. Rxd8 {[%emt 0:03:05]} Bxf5 {[%emt 0:00:15]} 17. Rxa8 {[%emt 0:00:22]} Rxa8 {[%emt 0:00:09]} 18. Nxf6 {[%emt 0:00:23]} Kxf6 {[%emt 0:00:06]} 19. e3 {[%emt 0:00:19]} Nc8 {[%emt 0:03:39]} 20. f4 {[%emt 0:00:36]} Nd6 {[%emt 0:02:05]} 21. Ne5 {[%emt 0:01:19]} gxf4 {[%emt 0:00:22]} 22. exf4 {[%emt 0:00:05]} Rg8 {[%emt 0:00:08]} 23. Rh2 {[%emt 0:01:20]} Nf7 {[%emt 0:00:53]} 24. Nxf7 {[%emt 0:01:43]} Kxf7 {[%emt 0:00:06]} 25. Be2 {[%emt 0:00:58]} b6 {[%emt 0:09:11]} 26. Kd2 {[%emt 0:00:42]} Bg4 {[%emt 0:11:59]} 27. Bd3 {[%emt 0:00:43]} Kf6 {[%emt 0:00:05]} 28. Ke3 {[%emt 0:00:41]} Be6 {[%emt 0:01:12]} 29. Kf2 {[%emt 0:00:57]} Rd8 {[%emt 0:00:52]} 30. Ke3 {[%emt 0:00:10]} Rd4 {[%emt 0:05:06]} 31. b3 {[%emt 0:00:45]} Bf5 {[%emt 0:00:05]} 32. Bxf5 {[%emt 0:00:46]} Kxf5 {[%emt 0:00:06]} 33. g3 {[%emt 0:00:29]} Kg4 {[%emt 0:00:25]} 34. Rh1 {[%emt 0:00:33]} Rd6 {[%emt 0:01:35]} 35. Rg1 {[%emt 0:00:26]} Rd4 {[%emt 0:03:19]} 36. Ke2 {[%emt 0:00:32]} a5 {[%emt 0:11:15]} 37. a4 {[%emt 0:00:22]} Rd6 {[%emt 0:13:11]} 1/2-1/2

[Event "ESP-chT Primera Division 2019"]
[Site "Linares"]
[Date "2019.08.31"]
[Round "6.4"]
[White "Sousa, Andre Ventura"]
[Black "Almagro Llamas, Pablo"]
[Result "1/2-1/2"]
[WhiteElo "2362"]
[BlackElo "2453"]
[Annotator "ChessBase"]
[PlyCount "75"]
[EventDate "2019.08.26"]
[EventType "team-tourn"]
[EventCountry "ESP"]
[SourceTitle "playchess.com"]
[Source "ChessBase"]
[SourceQuality "1"]
[TimeControl "5400+30"]

1. e4 {[%emt 0:00:00]} c5 {[%emt 0:00:00]} 2. Nf3 d6 {[%emt 0:00:01]} 3. d4 {[%emt 0:00:00]} cxd4 {[%emt 0:00:14]} 4. Nxd4 {[%emt 0:00:00]} Nf6 {[%emt 0:00:17]} 5. Nc3 {[%emt 0:00:00]} a6 {[%emt 0:00:31]} 6. f3 {[%emt 0:00:00]} Qb6 {[%emt 0:01:31]} 7. g4 {[%emt 0:00:00]} Nc6 {[%emt 0:03:27]} 8. Nb3 {[%emt 0:00:00]} e6 {[%emt 0:00:49]} 9. Qe2 {[%emt 0:00:15]} Qc7 {[%emt 0:02:07]} 10. Be3 {[%emt 0:00:52]} b5 {[%emt 0:02:09]} 11. O-O-O {[%emt 0:01:19]} Ne5 {[%emt 0:10:42]} 12. g5 {[%emt 0:23:03]} Nfd7 {[%emt 0:02:54]} 13. f4 {[%emt 0:00:19]} Nc4 {[%emt 0:00:28]} 14. Bd4 {[%emt 0:02:24]} Ndb6 {[%emt 0:25:46]} 15. Bg2 {[%emt 0:16:24]} Bd7 {[%emt 0:04:04]} 16. f5 {[%emt 0:11:21]} b4 {[%emt 0:05:42]} 17. fxe6 {[%emt 0:00:57]} fxe6 {[%emt 0:01:21]} 18. Nd5 {[%emt 0:08:57]} Nxd5 {[%emt 0:04:10]} 19. exd5 {[%emt 0:00:19]} e5 {[%emt 0:00:06]} 20. Nc5 {[%emt 0:03:43]} dxc5 {[%emt 0:13:36]} 21. Qxc4 {[%emt 0:01:13]} Bd6 {[%emt 0:12:14]} 22. Bxe5 {[%emt 0:01:19]} O-O {[%emt 0:00:52]} 23. Bg3 {[%emt 0:03:21]} Bb5 {[%emt 0:02:34]} 24. Qh4 {[%emt 0:04:42]} c4 {[%emt 0:00:26]} 25. Be4 {[%emt 0:03:19]} g6 {[%emt 0:00:11]} 26. Qh6 {[%emt 0:01:58]} Bf4+ {[%emt 0:05:14]} 27. Kb1 {[%emt 0:00:08]} Qd6 {[%emt 0:00:04]} 28. Bg2 {[%emt 0:09:12]} b3 {[%emt 0:00:38]} 29. cxb3 {[%emt 0:00:08]} cxb3 {[%emt 0:00:06]} 30. Bh3 {[%emt 0:01:50]} Bd7 {[%emt 0:01:50]} 31. Rhe1 {[%emt 0:03:28]} bxa2+ {[%emt 0:00:21]} 32. Ka1 {[%emt 0:00:03]} Rab8 {[%emt 0:00:37]} 33. Be6+ {[%emt 0:01:42]} Bxe6 {[%emt 0:00:38]} 34. Rxe6 {[%emt 0:02:46]} Qb4 {[%emt 0:00:19]} 35. Rxg6+ {[%emt 0:00:28]} hxg6 {[%emt 0:00:09]} 36. Qxg6+ {[%emt 0:00:02]} Kh8 {[%emt 0:00:07]} 37. Qh6+ {[%emt 0:00:15]} Kg8 {[%emt 0:00:07]} 38. Qg6+ {[%emt 0:00:03]} 1/2-1/2

[Event "ESP-chT Primera Division 2019"]
[Site "Linares"]
[Date "2019.08.31"]
[Round "6.5"]
[White "Cabrera Trujillo, Jorge"]
[Black "Gomez Dieguez, David"]
[Result "0-1"]
[WhiteElo "2308"]
[BlackElo "2296"]
[Annotator "TA"]
[PlyCount "132"]
[EventDate "2019.08.26"]
[EventType "team-tourn"]
[EventCountry "ESP"]
[SourceTitle "playchess.com"]
[Source "ChessBase"]
[SourceQuality "1"]

{[%evp 13,132,-3,0,-16,0,-92,-83,-77,-77,-70,-80,-97,-93,-95,-102,-102,-56,-68,-62,-62,-58,-57,-60,-84,-86,-85,-81,-60,-41,-162,-166,-157,-158,-182,-127,-132,-124,-206,-128,-144,-96,-108,-66,-88,-81,-73,-37,-44,-37,-37,-37,-65,-74,-129,-129,-197,-201,-875,-833,-1086,-1079,-987,-894,-876,-881,-1153,-571,-560,-552,-518,-485,-477,-321,-309,-324,-312,-309,-298,-305,-512,-470,-741,-718,-650,-532,-765,-765,-897,-867,-1142,-379,-1058,-358,-512,-127,-1921,-1821,-1702,-1692,-1492,-1227,-1132,-1081,-1041,-1040,-1803,-1772,-1931,-1837,-1566,-1674,-1413,-1038,-1804,-1809,-2122,-1902,-1911,-1681,-29965,-12594]} 1. e4 e5 2. Nf3 Nc6 3. Bb5 g6 4. d4 exd4 5. Nxd4 Bg7 6. Be3 Nf6 7. Nc3 O-O 8. O-O {C60: Ruy Lopez: Unusual Black 3rd moves and 3...g6} (8. f3 Nxd4 9. Bxd4 c6 10. Be2 Re8 11. O-O d5 12. exd5 Nxd5 13. Bxg7 Kxg7 14. Nxd5 cxd5 15. Qd4+ Qf6 16. Qxf6+ Kxf6 {1-0 (55) Bacrot,E (2722)-Pavasovic,D (2540) chess.com INT 2018}) 8... Re8 9. h3 $146 {[#]} (9. Re1 $11 {keeps the balance.}) ({Predecessor:} 9. Re1 a6 10. Ba4 Nxd4 11. Bxd4 b5 12. e5 bxa4 13. Qf3 Bb7 14. Qxb7 Ng4 15. f4 d6 16. Qf3 dxe5 17. Bc5 Nh6 18. Rad1 exf4 19. Nd5 {½-½ (19) Palac,M (2559)-Stevic,H (2571) Stari Mikanovci 2008}) 9... Nxd4 $1 $17 10. Bxd4 {Black is better.} Nxe4 11. Bxg7 Kxg7 12. Re1 Nxc3 13. Rxe8 Qxe8 14. Qd4+ Kg8 15. Qxc3 c6 16. Re1 {[%cal Re1e8]} Qf8 17. Bd3 d5 18. Qf6 Be6 $1 19. h4 Re8 20. Re5 Bc8 21. Rg5 (21. h5 $15) 21... Re1+ $19 22. Kh2 Qe7 23. Qf4 Re6 (23... Kg7 $19 24. Rg3 {[#]} Qf6 $1 {[%mdl 512]} 25. Qxf6+ Kxf6 26. Rf3+ Kg7) 24. Rg3 Qf6 25. Qb8 (25. Qxf6 $17 Rxf6 26. Re3) 25... Re8 26. Re3 Qxh4+ 27. Kg1 Qd8 28. Qxa7 Rxe3 29. Qxe3 Kg7 30. Qe5+ Qf6 31. Qc7 Qe6 $36 {[%mdl 2048] Black has good play.} 32. Kf1 h5 33. b4 ({White should play} 33. a4) 33... b5 $17 34. a4 (34. f3 $17 {was worth a try.}) 34... bxa4 $19 {...Qf6 is the strong threat.} 35. Qa7 $2 (35. Qa5) 35... Qg4 {[%cal Rg4d1]} 36. f3 Qxb4 37. Qc7 Be6 {Threatens to win with ...Qb2.} 38. Qe5+ Kf8 39. Bxg6 fxg6 (39... a3 $142 40. Bd3 a2) 40. Qxe6 {[%mdl 4096] Endgame KQ-KQ} Qb1+ 41. Kf2 Qxc2+ 42. Kg3 a3 {And now ...a2 would win.} 43. Qd6+ Ke8 44. Qxa3 Kd7 45. Qa7+ Kd6 46. Qb8+ $2 (46. Kh2 {was necessary.}) 46... Kc5 47. Qa7+ (47. Qf8+ $142 Kc4 48. Qf6) 47... Kc4 48. Qa6+ Kd4 49. Qa1+ Kd3 50. Qf1+ Kc3 51. Qe1+ Kc4 $2 (51... Kb3 52. Qe6 g5) 52. Qf1+ $2 (52. Qe8 c5 53. Qe6) 52... Kc5 $2 (52... Kb3 53. Qa1 c5) 53. Qa6 (53. Qa1 $142) 53... d4 $2 (53... Qc3 $19 {and Black stays clearly on top. Hoping for ...d4.} 54. Qa7+ Kb4 55. Qb7+ Ka3 56. Qa6+ Kb3 57. Qb6+ Kc2 58. Qf2+ Kd1) 54. Qa5+ $2 {[%mdl 8192]} (54. Qa7+ $17 Kc4 55. Qa6+ Kd5 56. Qa7) 54... Kc4 55. Qa6+ Kd5 56. Qc8 c5 57. Qg8+ Kc6 58. Qe8+ Kb6 59. Qb8+ Ka5 60. Qa7+ Kb5 61. Qb7+ Kc4 62. Qa6+ Kc3 63. Qa3+ Kd2 64. Qa5+ Ke2 65. Qa6+ c4 66. Qe6+ Kf1 {Accuracy: White = 28%, Black = 43%.} 0-1

[Event "ESP-chT Primera Division 2019"]
[Site "Linares"]
[Date "2019.08.31"]
[Round "6.6"]
[White "Hernandez Estevez, Yudania"]
[Black "Rodrigo Yanguas, Maria"]
[Result "1-0"]
[WhiteElo "2247"]
[BlackElo "2079"]
[Annotator "NA"]
[PlyCount "75"]
[EventDate "2019.08.26"]
[EventType "team-tourn"]
[EventCountry "ESP"]
[SourceTitle "playchess.com"]
[Source "ChessBase"]
[SourceQuality "1"]
[TimeControl "5400+30"]

1. e4 {[%emt 0:00:00]} c5 {[%emt 0:00:00]} 2. Nf3 {[%emt 0:00:47]} d6 {[%emt 0:00:00]} 3. Bb5+ {[%emt 0:01:21]} Nd7 {[%emt 0:00:22]} 4. O-O {[%emt 0:00:59]} Ngf6 {[%emt 0:03:14]} 5. Nc3 {[%emt 0:01:01]} a6 {[%emt 0:00:55]} 6. Bxd7+ {[%emt 0:00:06]} Nxd7 {[%emt 0:02:24]} 7. d4 {[%emt 0:01:10]} cxd4 {[%emt 0:01:47]} 8. Qxd4 {[%emt 0:01:58]} e5 {[%emt 0:00:35]} 9. Qe3 {[%emt 0:08:34]} Be7 {[%emt 0:05:37]} 10. Rd1 {[%emt 0:01:32]} O-O {[%emt 0:01:51]} 11. b3 {[%emt 0:01:26]} Qa5 {[%emt 0:20:39]} 12. a4 {[%emt 0:07:59]} Nf6 {[%emt 0:05:27]} 13. Ba3 {[%emt 0:10:08]} Rd8 {[%emt 0:03:18]} 14. Nd5 {[%emt 0:13:09]} Nxd5 {[%emt 0:00:42]} 15. Rxd5 {[%emt 0:01:00]} Qc7 {[%emt 0:00:47]} 16. Rad1 {[%emt 0:02:57]} Be6 {[%emt 0:01:43]} 17. R5d2 {[%emt 0:05:37]} h6 {[%emt 0:01:43]} 18. Bb4 {[%emt 0:01:23]} b6 {[%emt 0:05:54]} 19. c4 {[%emt 0:00:38]} Rab8 {[%emt 0:04:11]} 20. Rd3 {[%emt 0:00:57]} f5 {[%emt 0:05:13]} 21. Qe1 {[%emt 0:01:32]} fxe4 {[%emt 0:03:48]} 22. Qxe4 {[%emt 0:00:20]} b5 {[%emt 0:00:21]} 23. axb5 {[%emt 0:04:13]} axb5 {[%emt 0:00:12]} 24. Nd4 {[%emt 0:02:27]} Bxc4 {[%emt 0:08:21]} 25. bxc4 {[%emt 0:01:53]} exd4 {[%emt 0:00:08]} 26. Rxd4 {[%emt 0:02:18]} bxc4 {[%emt 0:03:24]} 27. Qd5+ {[%emt 0:00:33]} Kh8 {[%emt 0:00:15]} 28. Ba5 {[%emt 0:00:05]} Qa7 {[%emt 0:04:51]} 29. Bxd8 {[%emt 0:00:11]} Bxd8 {[%emt 0:00:35]} 30. Qxc4 {[%emt 0:00:53]} Bb6 {[%emt 0:00:24]} 31. Rf4 {[%emt 0:00:17]} Bc5 {[%emt 0:00:37]} 32. Rf7 {[%emt 0:00:53]} Qa3 {[%emt 0:00:33]} 33. Qg4 {[%emt 0:03:56]} Qc3 {[%emt 0:01:39]} 34. h4 {[%emt 0:00:36]} Qb2 {[%emt 0:02:09]} 35. g3 Qc3 36. Kg2 {[%emt 0:04:23]} Qb2 {[%emt 0:00:57]} 37. Rb1 {[%emt 0:01:39]} Rb4 {[%emt 0:02:30]} 38. Qc8+ {[%emt 0:00:28]} 1-0